The mysterious case case / (Record no. 7388)

MARC details
000 -LEADER
fixed length control field 00986nam a22002897a 4500
001 - CONTROL NUMBER
control field 7388
003 - CONTROL NUMBER IDENTIFIER
control field FISKH
005 - DATE AND TIME OF LATEST TRANSACTION
control field 20250711141331.0
008 - FIXED-LENGTH DATA ELEMENTS--GENERAL INFORMATION
fixed length control field 250711b cb ||||| |||| 00| 0 eng d
020 ## - INTERNATIONAL STANDARD BOOK NUMBER
International Standard Book Number 051487002506
040 ## - CATALOGING SOURCE
Original cataloging agency FISKH
Language of cataloging eng
Transcribing agency FISKH
Modifying agency FISKH
050 ## - LIBRARY OF CONGRESS CALL NUMBER
Classification number PZ7.C4528 M
100 ## - MAIN ENTRY--PERSONAL NAME
Personal name Christian, Mary Blount
245 ## - TITLE STATEMENT
Title The mysterious case case /
Statement of responsibility, etc. by Mary Blount Christmas : illustrated Ellen Eagle
250 ## - EDITION STATEMENT
Edition statement First Troll Printing , 1988
260 ## - PUBLICATION, DISTRIBUTION, ETC.
Place of publication, distribution, etc. New York :
Name of publisher, distributor, etc. Troll Associates ,
Date of publication, distribution, etc. 1985.
300 ## - PHYSICAL DESCRIPTION
Extent 48 pages :
Other physical details illustrations ;
Dimensions 20 cm .
490 ## - SERIES STATEMENT
Series statement Determined Detectives
505 ## - FORMATTED CONTENTS NOTE
Formatted contents note H <br/>
520 ## - SUMMARY, ETC.
Summary, etc. Boy detectives Fenton and Gerald and their rival Mae Donna find their sleuthing talents severely tested when they tangle with a bank robber.
521 8# - TARGET AUDIENCE NOTE
Target audience note 430 <br/>
Source Lexile estimate <br/>
521 8# - TARGET AUDIENCE NOTE
Target audience note H <br/>
Source Raz-Plus <br/>
650 ## - SUBJECT ADDED ENTRY--TOPICAL TERM
Topical term or geographic name entry element Mystery
Form subdivision Children's Fiction
700 ## - ADDED ENTRY--PERSONAL NAME
Personal name Eagle, Ellen
Relator term Illustrator
942 ## - ADDED ENTRY ELEMENTS (KOHA)
Source of classification or shelving scheme Dewey Decimal Classification
Koha item type Books
Suppress in OPAC No
Holdings
Withdrawn status Lost status Source of classification or shelving scheme Damaged status Not for loan Collection Home library Current library Shelving location Date acquired Total Checkouts Full call number Barcode Date last seen Price effective from Koha item type
    Dewey Decimal Classification     Juvenile Fiction Footprints International School Library Network Toul Tom Poung Campus Footprints International School Library Network Toul Tom Poung Campus TTP Primary Dark Blue Bookshelves 07/11/2025   CHR PZ7.C4528 M 2025-1829 07/11/2025 07/11/2025 Books